000 00331nam a2200145Ia 4500
100 _aRangnekar Sharu
650 _aGeneral
942 _cBK
654 _aIndian Managers
245 _aIn The WonderLand Of Indian Managers
260 _bAssociated Personal Services
_c2001
082 _a658
300 _a134
546 _aENGLISH
999 _c33792
_d33792